|
|
|
|
| LEADER |
00838nam a2200229 a 4500 |
| 001 |
c000297268 |
| 003 |
CARM |
| 005 |
20061111053735.0 |
| 008 |
950911s1971 0 eng r |
| 019 |
1 |
|
|a 70237638
|5 LACONCORD2021
|
| 035 |
|
|
|a (OCoLC)1286064685
|5 LACONCORD2021
|
| 082 |
0 |
4 |
|a 574.52636 Q3
|
| 100 |
1 |
|
|a QUEENSLAND LITTORAL SOCIETY. WETLANDS COMMITTEE.
|
| 245 |
1 |
0 |
|a FIELD MANUAL FOR TIDAL SWAMPS: SUBTROPICAL EASTERN AUSTRALIA.
|
| 260 |
|
|
|a THE SOCIETY, 1971. 1V. (UNPAGED)
|
| 650 |
|
0 |
|a Marsh ecology.
|
| 650 |
|
0 |
|a MARSH FLORA.
|
| 650 |
|
0 |
|a MARSHES-- TIDE.
|
| 650 |
|
0 |
|a WETLAND FLORA.
|
| 852 |
8 |
|
|b CARM
|h A3:AF01D0
|i F07398
|p 0548153
|f BK
|
| 999 |
f |
f |
|i d42fe4db-fcaa-53f5-a4b8-90dc3bbb6ece
|s 5c927ce1-4655-5212-b359-0834af496e1d
|
| 952 |
f |
f |
|p Can circulate
|a CAVAL
|b CAVAL
|c CAVAL
|d CARM 1 Store
|e F07398
|f A3:AF01D0
|h Other scheme
|i book
|m 0548153
|